000 00864nam a22002897a 4500
001 3146
003 FISKH
005 20240214095605.0
008 240214b cb ||||| |||| 00| 0 eng d
020 _a9780545161572
040 _aFISKH
_beng
_cFISKH
_dFISKH
050 _aPE1117.S36
082 _a782.42
100 _aLindsay, Vachel
245 _aThe little turtle /
_cLindsay, Vachel : illustrations by Kovalski, Maryann
260 _aNew York :
_bScholastic,
_c2006
300 _a12 pages :
_bcolor illustrations ;
_c29 cm .
490 _aliteracy place for the early years
505 _aE
520 _aA story about a young boy and his turtle.
521 8 _a190
_bLexile
521 8 _aE
_bRaz-Plus
600 _2turtles
_vfiction
650 _achildren song
_vfiction
700 _aKovalski, Maryan
_eillustrator
942 _2ddc
_cBK
_n0
999 _c3146
_d3146